[Event "TCh-TUR 2014"]
[Site "Konya TUR"]
[Date "2014.06.23"]
[Round "1.9"]
[White "Gazioglu, Halit"]
[Black "Demiralp, Murat"]
[Result "1/2-1/2"]
[WhiteElo "1947"]
[BlackElo "2061"]
[WhiteTeam "Sader Satranc Spor Kulubu"]
[BlackTeam "Gokce Ada Spor Kulubu"]
[WhiteFideId "6301932"]
[BlackFideId "6301894"]
[EventDate "2014.06.23"]

1. d4 d5 2. c4 c6 3. e3 Nf6 4. Nc3 a6 5. cxd5 cxd5 6. Nf3 e6 7. Bd3 Bd6 8. O-O
Nc6 9. a3 O-O 10. b4 Bd7 11. Bb2 Na7 12. e4 dxe4 13. Nxe4 Nxe4 14. Bxe4 Bc6 15.
Re1 Bxe4 16. Rxe4 Be7 17. Qe2 Nc6 18. Ne5 Qd5 19. Nc4 Rad8 20. Rd1 Bf6 21. Rf4
e5 22. Ne3 Qb5 23. Qxb5 axb5 24. Rf5 Nxd4 25. Bxd4 Rxd4 26. Rxd4 exd4 27. Ng4 d3
28. Nxf6+ gxf6 29. Kf1 Ra8 30. Ke1 Rxa3 31. Kd2 Rb3 32. Rxb5 Rb2+ 33. Kxd3 Rxf2
34. Rxb7 Rxg2 35. Rb5 Rxh2 36. Rd5 Rb2 37. Kc3 Rb1 38. b5 Kf8 39. Kc2 Rb4 40.
Kc3 Rb1 41. Kc4 Ke7 42. Rh5 Ke6 43. Rxh7 f5 44. Kc5 Rc1+ 45. Kd4 Rb1 46. Kc5 f4
47. b6 Rc1+ 48. Kb5 f3 49. b7 Rb1+ 50. Kc5 Rc1+ 51. Kb6 Kd5 1/2-1/2

[Event "TCh-TUR 2014"]
[Site "Konya TUR"]
[Date "2014.06.23"]
[Round "1.9"]
[White "Genov, Petar"]
[Black "Yalim, Suleyman"]
[Result "1-0"]
[WhiteTitle "GM"]
[WhiteElo "2460"]
[BlackElo "2070"]
[WhiteTeam "Gokce Ada Spor Kulubu"]
[BlackTeam "Sader Satranc Spor Kulubu"]
[WhiteFideId "2900211"]
[BlackFideId "6301665"]
[EventDate "2014.06.23"]

1. Nf3 d5 2. c4 e6 3. g3 Nf6 4. Bg2 c6 5. b3 Nbd7 6. Bb2 Bd6 7. O-O O-O 8. d4 b6
9. Nbd2 Bb7 10. Rc1 Rc8 11. e3 Qe7 12. Qe2 Ba3 13. Bxa3 Qxa3 14. Rc2 c5 15. Rfc1
Rfe8 16. Ne5 cxd4 17. exd4 Ba6 18. Qe3 Nxe5 19. Qxe5 dxc4 20. bxc4 Red8 21. Nb3
Nd7 22. Qe3 Nf6 23. Rc3 Qb4 24. a3 Qa4 25. c5 Nd5 26. Bxd5 exd5 27. Nd2 bxc5 28.
Rxc5 Rxc5 29. dxc5 Re8 30. Qb3 Qa5 31. Qb4 Qc7 32. c6 h6 33. Qc5 Rd8 34. Nf3 Bc4
35. Nd4 a6 1-0

[Event "TCh-TUR 2014"]
[Site "Konya TUR"]
[Date "2014.06.23"]
[Round "1.9"]
[White "Yanar, Mehmet"]
[Black "Aslan, Huseyin"]
[Result "1-0"]
[WhiteElo "1670"]
[BlackElo "1618"]
[WhiteTeam "Gokce Ada Spor Kulubu"]
[BlackTeam "Sader Satranc Spor Kulubu"]
[WhiteFideId "6322999"]
[BlackFideId "34519580"]
[EventDate "2014.06.23"]

1. e4 c5 2. Nf3 Nc6 3. d4 cxd4 4. Nxd4 e5 5. Nb5 a6 6. Nd6+ Bxd6 7. Qxd6 Qf6 8.
Qxf6 Nxf6 9. Nc3 d5 10. exd5 Nb4 11. Bd3 Nxd3+ 12. cxd3 Bf5 13. O-O O-O-O 14.
Bg5 Rd6 15. Bxf6 gxf6 16. Rad1 Rg8 17. Ne4 Rb6 18. Ng3 Bd7 19. Rd2 f5 20. f4 Re8
21. Re1 f6 22. b3 Kc7 23. Nh5 Rd6 24. Rde2 e4 25. dxe4 fxe4 26. Rxe4 Rxe4 27.
Rxe4 Rxd5 28. Nxf6 Rd1+ 29. Kf2 Bc6 30. Re2 Rd8 31. g4 Rd4 32. Kg3 Bb5 33. Re7+
Kc6 34. Rxh7 Rd3+ 35. Kh4 Rd2 36. a4 Bd3 37. Rd7 Rxh2+ 38. Kg3 Rh6 39. Rxd3 Rxf6
40. g5 Re6 41. Kg4 1-0

[Event "TCh-TUR 2014"]
[Site "Konya TUR"]
[Date "2014.06.23"]
[Round "1.9"]
[White "Ozoglu, Berker"]
[Black "Doner, Mustafa"]
[Result "1-0"]
[WhiteElo "1979"]
[BlackElo "1749"]
[WhiteTeam "Gokce Ada Spor Kulubu"]
[BlackTeam "Sader Satranc Spor Kulubu"]
[WhiteFideId "6330312"]
[BlackFideId "6330215"]
[EventDate "2014.06.23"]

1. Nf3 Nf6 2. c4 e6 3. b3 d5 4. Bb2 Be7 5. e3 O-O 6. d4 Nbd7 7. c5 Ne4 8. Nc3 f5
9. Bd3 c6 10. b4 Bf6 11. Ne2 Qe7 12. Ne5 Bxe5 13. dxe5 b6 14. f3 Ng5 15. f4 Nf7
16. Nd4 Nd8 17. Ba3 a5 18. Qa4 Bb7 19. b5 cxb5 20. c6 Nc5 21. Bxb5 Ba6 22. Bxa6
Rxa6 23. Qb5 Qa7 24. Rc1 a4 25. Bb4 h6 26. O-O Kh7 27. Rxc5 bxc5 28. Bxc5 Qa8
29. Bxf8 Nxc6 30. Nxe6 1-0

[Event "TCh-TUR 2014"]
[Site "Konya TUR"]
[Date "2014.06.23"]
[Round "1.10"]
[White "Bulbul, Emre"]
[Black "Karacan, Can Berk"]
[Result "0-1"]
[WhiteElo "1666"]
[BlackElo "1773"]
[WhiteTeam "Azdur Spor Sanat Ve Kultur Kulubu"]
[BlackTeam "Karaman Saglik Spor Kulubu"]
[WhiteFideId "6328601"]
[BlackFideId "6347851"]
[EventDate "2014.06.23"]

1. d4 Nf6 2. c4 g6 3. Nc3 Bg7 4. e4 d6 5. f3 O-O 6. Be3 e5 7. d5 c6 8. Qd2 cxd5
9. cxd5 Nh5 10. g4 Nf4 11. Bxf4 exf4 12. Qxf4 f5 13. gxf5 gxf5 14. Nge2 fxe4 15.
Qxe4 Bf5 16. Qe3 Qf6 17. Rg1 Na6 18. O-O-O Nb4 19. Qd4 Qh6+ 20. Qf4 Bg6 21. Qxh6
Bxh6+ 22. f4 Rxf4 23. Nxf4 Bxf4+ 24. Rd2 Rf8 25. a3 Na6 26. Bxa6 bxa6 27. Rg2
Bh6 28. Kd1 Bxd2 29. Kxd2 Kh8 30. Ke3 Re8+ 31. Kd4 Kg7 32. Rg4 Kf6 33. Ne4+
Rxe4+ 34. Rxe4 Bxe4 35. Kxe4 Kg5 36. b4 Kg4 37. h3+ Kg5 38. h4+ Kg4 39. h5 h6
40. a4 Kg5 41. a5 Kg4 42. Kd4 Kxh5 43. Kc4 Kg4 44. b5 axb5+ 45. Kxb5 h5 46. Kc6
h4 47. Kxd6 h3 48. Kc7 h2 49. d6 h1=Q 0-1

[Event "TCh-TUR 2014"]
[Site "Konya TUR"]
[Date "2014.06.23"]
[Round "1.10"]
[White "Enchev, Ivajlo"]
[Black "Kaplan, Bahadir"]
[Result "1-0"]
[WhiteTitle "IM"]
[WhiteElo "2421"]
[BlackElo "1944"]
[WhiteTeam "Karaman Saglik Spor Kulubu"]
[BlackTeam "Azdur Spor Sanat Ve Kultur Kulubu"]
[WhiteFideId "2907712"]
[BlackFideId "6305903"]
[EventDate "2014.06.23"]

1. d4 Nf6 2. c4 c5 3. d5 e6 4. Nc3 exd5 5. cxd5 Bd6 6. Nf3 O-O 7. Bg5 Re8 8. e3
Bf8 9. Bd3 d6 10. Qc2 h6 11. Bh4 Nbd7 12. O-O Ne5 13. Nxe5 Rxe5 14. e4 Re8 15.
Bb5 Bd7 16. Bxf6 gxf6 17. Bxd7 Qxd7 18. Rae1 b5 19. Re3 b4 20. Ne2 f5 21. exf5
Rxe3 22. fxe3 Qe7 23. Rf3 Bg7 24. Nc1 Qe5 25. Nd3 Qf6 26. Qc4 a5 27. a4 bxa3 28.
bxa3 Qc3 29. Qe4 c4 30. Nf4 Be5 31. h3 Re8 32. f6 Qe1+ 33. Kh2 c3 34. Rg3+ Kh8
35. Qf5 Bxf4 36. Qxf4 1-0

[Event "TCh-TUR 2014"]
[Site "Konya TUR"]
[Date "2014.06.23"]
[Round "1.10"]
[White "Fazla, Onder Zafer"]
[Black "Donmez, Yusuf"]
[Result "0-1"]
[WhiteElo "1800"]
[BlackElo "2055"]
[WhiteTeam "Azdur Spor Sanat Ve Kultur Kulubu"]
[BlackTeam "Karaman Saglik Spor Kulubu"]
[WhiteFideId "6320066"]
[BlackFideId "6301967"]
[EventDate "2014.06.23"]

1. Nf3 Nf6 2. d4 c5 3. c4 g6 4. Nc3 Bg7 5. e4 cxd4 6. Nxd4 O-O 7. Be2 Nc6 8. O-O
Nxe4 9. Nxc6 Nxc3 10. Nxd8 Nxd1 11. Nxf7 Nxf2 12. Nh6+ Kh8 13. Bf3 Nd3 14. Be3
Nf4 15. Bc5 Nh3+ 16. gxh3 Rxf3 17. Be3 Rxe3 18. Nf7+ Kg8 19. -- 0-1

[Event "TCh-TUR 2014"]
[Site "Konya TUR"]
[Date "2014.06.23"]
[Round "1.10"]
[White "Tezcan, Emre"]
[Black "Grigorov, Grigor"]
[Result "0-1"]
[BlackTitle "GM"]
[WhiteElo "2059"]
[BlackElo "2494"]
[WhiteTeam "Azdur Spor Sanat Ve Kultur Kulubu"]
[BlackTeam "Karaman Saglik Spor Kulubu"]
[WhiteFideId "6342540"]
[BlackFideId "2907313"]
[EventDate "2014.06.23"]

1. e4 g6 2. d4 Bg7 3. Nc3 c6 4. f4 d5 5. e5 Nh6 6. Nf3 f6 7. Be2 Bg4 8. Be3 O-O
9. O-O e6 10. Qd2 Bxf3 11. Bxf3 Nf5 12. Bg4 fxe5 13. fxe5 c5 14. Bxf5 Rxf5 15.
Rxf5 gxf5 16. dxc5 Nc6 17. Bd4 Qh4 18. Bf2 Qg4 19. Bg3 Qb4 20. Re1 d4 21. Nb1
Qxb2 22. Qd3 Qxa2 23. Nd2 Qd5 24. Nc4 Qxc5 25. Nd6 Qd5 26. Qe2 Rf8 27. Bf4 Ne7
28. g3 Ng6 29. Kf2 Rd8 30. h4 Bxe5 31. Bxe5 Nxe5 0-1

[Event "TCh-TUR 2014"]
[Site "Konya TUR"]
[Date "2014.06.23"]
[Round "1.10"]
[White "Circi, Fatih"]
[Black "Demirkilic, Koksal"]
[Result "1/2-1/2"]
[WhiteElo "2015"]
[BlackElo "1631"]
[WhiteTeam "Karaman Saglik Spor Kulubu"]
[BlackTeam "Azdur Spor Sanat Ve Kultur Kulubu"]
[WhiteFideId "6319726"]
[BlackFideId "6366317"]
[EventDate "2014.06.23"]

1. e4 c5 2. c4 Nc6 3. Nc3 Nf6 4. g3 d6 5. Bg2 e6 6. Nge2 a6 7. d3 Be7 8. O-O O-O
9. f4 Qc7 10. Kh1 Rb8 11. a4 b6 12. Be3 Bb7 13. h3 Nb4 14. g4 Nd7 15. Na2 Nc6
16. g5 f6 17. h4 e5 18. f5 Nd4 19. Nac3 g6 20. Bxd4 cxd4 21. Nd5 Bxd5 22. cxd5
fxg5 23. Bh3 gxh4 24. fxg6 hxg6 25. Qd2 Kg7 26. Rg1 Rf2 27. Bf5 Nf8 28. Rxg6+
Nxg6 29. Rg1 Rh8 30. Bxg6 Qd8 31. Bf5+ Kf8 32. Be6 Bf6 33. Qe1 Rf3 34. Rg6 Ke8 1/2-1/2

[Event "TCh-TUR 2014"]
[Site "Konya TUR"]
[Date "2014.06.23"]
[Round "1.10"]
[White "Oz, Ozan"]
[Black "Aytekin, Murat Eren"]
[Result "0-1"]
[WhiteElo "1793"]
[BlackElo "1780"]
[WhiteTeam "Karaman Saglik Spor Kulubu"]
[BlackTeam "Azdur Spor Sanat Ve Kultur Kulubu"]
[WhiteFideId "6349188"]
[BlackFideId "6388000"]
[EventDate "2014.06.23"]

1. Nf3 c5 2. b3 Nf6 3. Bb2 g6 4. e3 Bg7 5. Be2 O-O 6. O-O b6 7. Ne5 Bb7 8. f4 d6
9. Bf3 Qc7 10. Bxb7 Qxb7 11. Nf3 Nbd7 12. Qe1 Ne8 13. Bxg7 Nxg7 14. d3 e5 15.
fxe5 Nxe5 16. Nxe5 dxe5 17. Nc3 f5 18. e4 f4 19. Nd5 Ne6 20. Qh4 Qg7 21. c3 Rf7
22. Rf3 g5 23. Qg4 Qg6 24. h4 h5 25. Qf5 Rxf5 26. Ne7+ Kg7 27. Nxg6 Kxg6 28.
exf5+ Kxf5 29. hxg5 Nxg5 30. Rff1 h4 31. a3 Rh8 32. Kh2 h3 33. g3 f3 34. Rae1
Rd8 35. Re3 Kg4 36. Rf2 Rd7 37. Rd2 e4 38. d4 cxd4 39. cxd4 Rd5 40. b4 b5 41.
Rc3 Ne6 42. Re3 Kf5 43. Kxh3 Rxd4 44. Rxd4 Nxd4 45. Rc3 Ne6 0-1

[Event "TCh-TUR 2014"]
[Site "Konya TUR"]
[Date "2014.06.23"]
[Round "1.11"]
[White "Bayik, Hasan"]
[Black "Ozcelik, Ali Kaan"]
[Result "0-1"]
[WhiteElo "2042"]
[BlackElo "1766"]
[WhiteTeam "Burdur 90.Yil Spor Kulubu"]
[BlackTeam "Gercek Spor Kulubu"]
[WhiteFideId "6318398"]
[BlackFideId "6325327"]
[EventDate "2014.06.23"]

1. f4 d5 2. Nf3 c5 3. g3 g6 4. Bg2 Nc6 5. O-O Bg7 6. d3 Nf6 7. c3 O-O 8. Qc2 Qb6
9. Kh1 d4 10. e4 dxe3 11. Bxe3 Rd8 12. b4 Bf5 13. Bxc5 Qa6 14. Re1 Bxd3 15. Qb2
Nd5 16. Ne5 Nxe5 17. fxe5 Qe6 18. Bxd5 0-1

[Event "TCh-TUR 2014"]
[Site "Konya TUR"]
[Date "2014.06.23"]
[Round "1.11"]
[White "Koc, Serkan"]
[Black "Onem, Cem"]
[Result "1-0"]
[WhiteElo "1797"]
[BlackElo "1944"]
[WhiteTeam "Gercek Spor Kulubu"]
[BlackTeam "Burdur 90.Yil Spor Kulubu"]
[WhiteFideId "6305008"]
[BlackFideId "6303625"]
[EventDate "2014.06.23"]

1. e4 e5 2. Nf3 Nc6 3. Bc4 Bc5 4. c3 Nf6 5. d4 exd4 6. e5 d5 7. Bb5 Ne4 8. cxd4
Bb4+ 9. Nbd2 O-O 10. O-O Bg4 11. Bxc6 bxc6 12. Qc2 Nxd2 13. Nxd2 Rb8 14. a3 Bxd2
15. Bxd2 Be2 16. Rfc1 Bc4 17. Bb4 Re8 18. b3 a5 19. Be7 Rxe7 20. bxc4 dxc4 1-0

[Event "TCh-TUR 2014"]
[Site "Konya TUR"]
[Date "2014.06.23"]
[Round "1.11"]
[White "Mammadov, Zaur"]
[Black "Erilli, Necati Alp"]
[Result "1-0"]
[WhiteTitle "IM"]
[WhiteElo "2459"]
[BlackElo "1926"]
[WhiteTeam "Burdur 90.Yil Spor Kulubu"]
[BlackTeam "Gercek Spor Kulubu"]
[WhiteFideId "13401033"]
[BlackFideId "6306110"]
[EventDate "2014.06.23"]

1. e4 e5 2. Nf3 Nc6 3. Nc3 Nf6 4. Be2 Be7 5. O-O O-O 6. d4 exd4 7. Nxd4 Nxd4 8.
Qxd4 d6 9. Bf4 Bd7 10. Rad1 Qc8 11. Bg3 Bc6 12. f4 Nd7 13. Bg4 Qb8 14. Qc4 Nb6
15. Qd3 Na4 16. Nxa4 Bxa4 17. e5 Bc6 18. f5 dxe5 19. Bxe5 f6 20. Bf4 Bc5+ 21.
Kh1 Bb6 22. b4 a6 23. c4 Kh8 24. Qg3 Qe8 25. c5 Ba7 26. Bxc7 Bb8 27. Bxb8 Rxb8
28. Bf3 Bxf3 29. Qxf3 Qb5 30. a3 Rfe8 31. Rfe1 h6 32. h3 Kh7 33. Re6 Red8 34.
Rde1 Rd7 35. Rb6 Qd3 36. Qxd3 Rxd3 37. Re7 Ra8 38. c6 1-0

[Event "TCh-TUR 2014"]
[Site "Konya TUR"]
[Date "2014.06.23"]
[Round "1.11"]
[White "Pektas, Yigit"]
[Black "Ozcelik, Ozan"]
[Result "1/2-1/2"]
[WhiteElo "1675"]
[BlackElo "1554"]
[WhiteTeam "Burdur 90.Yil Spor Kulubu"]
[BlackTeam "Gercek Spor Kulubu"]
[WhiteFideId "6367046"]
[BlackFideId "6325521"]
[EventDate "2014.06.23"]

1. d4 Nf6 2. Nf3 d5 3. e3 Bf5 4. c4 e6 5. Nc3 c6 6. Nh4 Bg6 7. Nxg6 hxg6 8. Qb3
Qc7 9. g3 Nbd7 10. Bg2 dxc4 11. Qxc4 Nb6 12. Qb3 Rd8 13. Bd2 Nh5 14. Rc1 Qb8 15.
Ne4 Nd5 16. Ba5 Rc8 17. Qa4 Bd6 18. Bd2 Be7 19. Nc5 Bxc5 20. Rxc5 O-O 21. O-O a6
22. Qc2 Nhf6 23. e4 Ne7 24. Bf4 Qa7 25. Rc1 Rcd8 26. Rd1 Rd7 27. Bg5 Qb8 28. Rc3
Rfd8 29. Rb3 Qc8 30. Qd2 c5 31. e5 Ne8 32. d5 exd5 33. Bh3 f5 34. exf6 gxf6 35.
Bxd7 Qxd7 36. Be3 d4 37. Qe2 Qf5 38. Bc1 Nc6 1/2-1/2

[Event "TCh-TUR 2014"]
[Site "Konya TUR"]
[Date "2014.06.23"]
[Round "1.11"]
[White "Uzun, Belemir"]
[Black "Kahya, Gizem"]
[Result "0-1"]
[WhiteElo "1480"]
[BlackElo "1684"]
[WhiteTeam "Gercek Spor Kulubu"]
[BlackTeam "Burdur 90.Yil Spor Kulubu"]
[WhiteFideId "6365655"]
[BlackFideId "6336124"]
[EventDate "2014.06.23"]

1. d4 d5 2. c4 c6 3. cxd5 cxd5 4. Nc3 Nf6 5. Bf4 Nc6 6. e3 a6 7. Bd3 e6 8. a3
Bd6 9. Nge2 b5 10. b4 O-O 11. Bg5 Bb7 12. f3 Be7 13. Qb1 h6 14. h4 Nd7 15. Bxe7
Nxe7 16. g4 f5 17. Nf4 Qc7 18. Kd2 Qd6 19. gxf5 Nxf5 20. Nh5 Ng3 21. Nxg3 Qxg3
22. Be2 e5 23. Qd3 exd4 24. Qxd4 Qe5 25. Qg4 Nf6 26. Qd4 Qxd4+ 27. exd4 Nh5 28.
Rhg1 Nf4 29. Bd1 Ne6 30. Rg4 h5 31. Rg3 Nxd4 32. Rg5 Rf5 33. Rg6 Nxf3+ 34. Bxf3
Rxf3 35. Rag1 Rf7 36. R6g5 Rd8 37. Rxh5 d4 38. Nd1 Bf3 39. Rhg5 Bxd1 40. Kxd1
Rd6 41. R1g2 Kh7 42. Rd2 Rf4 43. Rdg2 Rd7 44. h5 Rh4 45. Rg6 Rxh5 46. Rxa6 Rh3
47. Rg5 Rb7 48. Kd2 Rf3 49. Rd5 Rf6 50. Ra5 Rfb6 51. Rxd4 g5 52. Ra8 Rb8 53.
Ra7+ R8b7 54. Ra8 Rb8 55. Ra7+ R8b7 56. Ra8 Kg7 57. Re8 Rf7 58. Ree4 Kg6 59. Rd5
Rf5 60. Rxf5 Kxf5 61. Re3 Ra6 62. Rc3 Kf4 63. Ke2 g4 64. Kf2 Rd6 65. Rc8 Rd2+
66. Ke1 Ra2 67. Rf8+ Kg3 68. Rf5 Rxa3 69. Rxb5 Kh2 70. Rh5+ Rh3 71. Rg5 g3 72.
b5 Rh6 73. Ke2 g2 74. Kd3 g1=Q 75. Rxg1 Kxg1 76. Kc4 Rh2 77. Kc5 Rc2+ 78. Kb6
Kf2 0-1

[Event "TCh-TUR 2014"]
[Site "Konya TUR"]
[Date "2014.06.23"]
[Round "1.11"]
[White "Inan, Canberk"]
[Black "Saba, Zafer Rabin"]
[Result "1-0"]
[WhiteElo "1779"]
[BlackElo "1895"]
[WhiteTeam "Gercek Spor Kulubu"]
[BlackTeam "Burdur 90.Yil Spor Kulubu"]
[WhiteFideId "6329055"]
[BlackFideId "6329500"]
[EventDate "2014.06.23"]

1. d4 Nf6 2. Nf3 g6 3. Bf4 Bg7 4. e3 O-O 5. Be2 d6 6. O-O Nbd7 7. c4 Qe8 8. Nc3
e5 9. dxe5 dxe5 10. Bg3 Qe7 11. Qc2 c6 12. Rad1 Re8 13. Rd2 h6 14. h3 e4 15. Nh2
Nf8 16. Bd6 Qe6 17. Rfd1 N8h7 18. Na4 b6 19. Bf4 Bf8 20. Bd6 Bg7 21. Ba3 Bb7 22.
Rd6 Qe5 23. b3 Bc8 24. Bb2 Qg5 25. R6d2 1-0

[Event "TCh-TUR 2014"]
[Site "Konya TUR"]
[Date "2014.06.23"]
[Round "1.11"]
[White "Inel, Cihangir"]
[Black "Bulduk, Ibrahim Ege"]
[Result "0-1"]
[WhiteElo "1531"]
[BlackElo "1833"]
[WhiteTeam "Gercek Spor Kulubu"]
[BlackTeam "Burdur 90.Yil Spor Kulubu"]
[WhiteFideId "6311091"]
[BlackFideId "6310621"]
[EventDate "2014.06.23"]

1. e4 c5 2. Nf3 Nc6 3. d4 cxd4 4. Nxd4 Nf6 5. Nc3 d6 6. Be2 g6 7. Be3 Bg7 8. O-O
O-O 9. f3 a6 10. Qd2 Qc7 11. Kh1 Ne5 12. a4 Bd7 13. g4 e6 14. g5 Ne8 15. h4 Rc8
16. Ra3 Nc4 17. Bxc4 Qxc4 18. Rf2 d5 19. exd5 exd5 20. Qd3 Nd6 21. Rd2 Bf5 22.
Nxf5 Nxf5 23. Qxc4 Rxc4 24. Bf2 Nxh4 25. Bxh4 Rxh4+ 26. Kg2 d4 27. Ne4 Be5 28.
Nf6+ Bxf6 29. gxf6 Rf4 30. Rad3 Rd8 31. Kg3 g5 32. c3 Rxf6 33. Rxd4 Rxd4 34.
cxd4 Kg7 35. d5 Rd6 36. f4 h6 37. Kf3 f5 38. Ke3 Kf6 39. a5 g4 40. Kd4 h5 41.
Rh2 Kg6 42. Ke5 Rd8 43. d6 g3 44. Rg2 h4 45. Ke6 Kh5 46. Ke7 Rh8 47. d7 Kg4 48.
d8=Q Rxd8 49. Kxd8 h3 50. Rd2 h2 51. Rc2 0-1

[Event "TCh-TUR 2014"]
[Site "Konya TUR"]
[Date "2014.06.24"]
[Round "2.1"]
[White "Iordachescu, Viorel"]
[Black "Mammadov, Zaur"]
[Result "1/2-1/2"]
[WhiteTitle "GM"]
[BlackTitle "IM"]
[WhiteElo "2587"]
[BlackElo "2459"]
[WhiteTeam "Denizli Pamukkale Universitesi"]
[BlackTeam "Burdur 90.Yil Spor Kulubu"]
[WhiteFideId "13900200"]
[BlackFideId "13401033"]
[EventDate "2014.06.23"]

1. e4 e6 2. d4 d5 3. Nd2 dxe4 4. Nxe4 Nd7 5. Nf3 Ngf6 6. Nxf6+ Nxf6 7. c3 Be7 8.
Bd3 O-O 9. Bg5 b6 10. Qc2 h6 11. h4 Bb7 12. Rh3 Nh5 13. Be3 Bd6 14. Qd2 Qf6 15.
Bg5 hxg5 16. hxg5 Qf4 17. Rxh5 Bxf3 18. Bh7+ Kh8 19. gxf3 g6 20. Bxg6+ Kg7 21.
Be4 Rh8 22. Rh6 Qxd2+ 23. Kxd2 Bf4+ 24. Kd3 Bxg5 25. Rxh8 Rxh8 26. Kc4 Rh5 27.
a4 a5 28. b4 Be7 29. f4 Bd6 30. f5 exf5 31. Bc6 f4 32. f3 Kf6 33. Rg1 Ke7 34.
Rg8 axb4 35. cxb4 Rh1 36. a5 Rc1+ 37. Kd5 bxa5 38. bxa5 Ra1 39. Ra8 Bb4 40. a6
Ra5+ 41. Kc4 Bd2 42. Bb7 Be3 43. Rc8 Kd7 44. Rg8 Kd6 45. Rd8+ Ke7 46. Rd5 Ra4+
47. Kb3 Ra1 48. Bc8 Kf6 49. Rd7 c5 50. d5 c4+ 51. Kc3 Rc1+ 52. Kb2 c3+ 53. Ka2
Rd1 54. Rc7 Rxd5 55. Rxc3 Rc5 56. Rxc5 Bxc5 57. Kb3 Ke5 58. Kc4 Kd6 59. Kb5 1/2-1/2

[Event "TCh-TUR 2014"]
[Site "Konya TUR"]
[Date "2014.06.24"]
[Round "2.1"]
[White "Miyak, Melih Burak"]
[Black "Eminov, Orkhan"]
[Result "0-1"]
[WhiteElo "2095"]
[BlackElo "2254"]
[WhiteTeam "Burdur 90.Yil Spor Kulubu"]
[BlackTeam "Denizli Pamukkale Universitesi"]
[WhiteFideId "6300618"]
[BlackFideId "13402153"]
[EventDate "2014.06.23"]

1. Nf3 Nf6 2. c4 e6 3. g3 b6 4. Bg2 Bb7 5. O-O c5 6. Nc3 Be7 7. d4 cxd4 8. Qxd4
Nc6 9. Qf4 O-O 10. Rd1 a6 11. b3 b5 12. cxb5 axb5 13. Nxb5 Nd5 14. Rxd5 exd5 15.
Bb2 Bf6 16. Bxf6 Qxf6 17. Qxf6 gxf6 18. Nbd4 Rfc8 19. Bh3 Nb4 20. a4 Rd8 21. Rd1
Ba6 22. Bf5 Rac8 23. Kg2 Rc3 24. Rd2 d6 25. Rb2 Bc8 26. Bxc8 Rcxc8 27. Nf5 Rc3
28. N3d4 Kf8 29. Nb5 Rc6 30. Rd2 Rc2 31. Rxc2 Nxc2 32. e3 Ke8 33. Kf3 Kd7 34.
Ke2 Na1 35. Nbd4 Rb8 36. Nb5 Nxb3 37. g4 Ra8 38. Nbxd6 Rxa4 39. h3 Ke6 40. Nb5
Ra2+ 41. Kf3 Nd2+ 42. Kf4 Nb3 43. Nbd4+ Nxd4 44. Nxd4+ Kd6 45. Kg3 Ke5 46. Kf3
Ra6 47. Ne2 f5 48. Nd4 f4 49. Nf5 fxe3 50. fxe3 Rf6 51. Kg3 Rxf5 52. gxf5 Kxf5
53. Kf3 Ke5 54. Kf2 Ke4 55. Ke2 h5 56. Kf2 f5 57. Ke2 h4 0-1

[Event "TCh-TUR 2014"]
[Site "Konya TUR"]
[Date "2014.06.24"]
[Round "2.1"]
[White "Polatel, Ali"]
[Black "Onem, Cem"]
[Result "1-0"]
[WhiteElo "2177"]
[BlackElo "1944"]
[WhiteTeam "Denizli Pamukkale Universitesi"]
[BlackTeam "Burdur 90.Yil Spor Kulubu"]
[WhiteFideId "6303196"]
[BlackFideId "6303625"]
[EventDate "2014.06.23"]

1. Nf3 d5 2. d4 Nf6 3. c4 c6 4. Nc3 e6 5. e3 Bd6 6. Qc2 Nbd7 7. g4 h6 8. Bd2 Qe7
9. Rg1 b6 10. h4 Bb7 11. g5 hxg5 12. hxg5 Nh5 13. cxd5 exd5 14. g6 Nf8 15. gxf7+
Qxf7 16. Ng5 Qe7 17. O-O-O Qf6 18. f4 g6 19. Bd3 Rc8 20. Qa4 Kd8 21. Qxa7 Kc7
22. Ba6 Rb8 23. Na4 Nd7 24. Nxb6 Nxb6 25. Ba5 Kc8 26. Qxb6 Qe7 27. Qxc6+ Bc7 28.
Ne6 Qd6 29. Qxc7+ Qxc7+ 30. Nxc7 1-0

[Event "TCh-TUR 2014"]
[Site "Konya TUR"]
[Date "2014.06.24"]
[Round "2.1"]
[White "Bayik, Hasan"]
[Black "Ozturk, Emir"]
[Result "0-1"]
[WhiteElo "2042"]
[BlackElo "2170"]
[WhiteTeam "Burdur 90.Yil Spor Kulubu"]
[BlackTeam "Denizli Pamukkale Universitesi"]
[WhiteFideId "6318398"]
[BlackFideId "6302408"]
[EventDate "2014.06.23"]

1. Nf3 d5 2. c4 c6 3. d4 Nf6 4. e3 e6 5. Bd3 Nbd7 6. Qc2 dxc4 7. Bxc4 c5 8. O-O
a6 9. a4 cxd4 10. exd4 Be7 11. Nc3 O-O 12. Rd1 Nb6 13. Bd3 Nbd5 14. Ne4 h6 15.
Bd2 Bd7 16. Ne5 Be8 17. Qb3 Qb6 18. Qxb6 Nxb6 19. a5 Nbd5 20. Rdc1 Bb5 21. Nxf6+
gxf6 22. Bxb5 axb5 23. Nd7 Rfd8 24. Nc5 Ra7 25. Bxh6 f5 26. Ra3 b4 27. Rg3+ Kh7
28. Bd2 Bd6 29. Rb3 Bf4 30. Be3 Bxe3 31. fxe3 Rc8 32. Kf2 Rxa5 33. Nxb7 Rxc1 34.
Nxa5 Rc2+ 35. Kf3 Nf6 36. Kg3 Ne4+ 37. Kh3 Kg6 38. Rxb4 Rc8 39. g4 Nf2+ 40. Kg3
Nxg4 41. e4 Nf6 42. exf5+ Kxf5 43. Kf3 Rh8 44. Rb5+ Nd5 45. Kg3 Ke4 46. Nc6 f6
47. h4 Nf4 48. Rb8 Nh5+ 49. Kg4 Rh7 50. Rb5 Nf4 51. Rb4 Rg7# 0-1

[Event "TCh-TUR 2014"]
[Site "Konya TUR"]
[Date "2014.06.24"]
[Round "2.1"]
[White "Kashlinskaya, Alina"]
[Black "Semenova, Elena1"]
[Result "1-0"]
[WhiteTitle "WGM"]
[BlackTitle "WIM"]
[WhiteElo "2419"]
[BlackElo "2215"]
[WhiteTeam "Denizli Pamukkale Universitesi"]
[BlackTeam "Burdur 90.Yil Spor Kulubu"]
[WhiteFideId "4198026"]
[BlackFideId "24125148"]
[EventDate "2014.06.23"]

1. e4 e5 2. Bc4 Nf6 3. d3 Nc6 4. Nf3 Be7 5. O-O O-O 6. Re1 d6 7. a4 Kh8 8. h3
Ng8 9. Nc3 f5 10. Nd5 Bf6 11. a5 a6 12. c3 h6 13. b4 Nce7 14. Nxf6 Nxf6 15. Nh4
fxe4 16. dxe4 Qe8 17. f4 Ng6 18. Nxg6+ Qxg6 19. f5 Qh5 20. Qxh5 Nxh5 21. g4 Nf6
22. Kg2 Bd7 23. Kg3 Bb5 24. Bb3 Bc6 25. Bc2 b5 26. axb6 cxb6 27. h4 Bb7 28. g5
Rac8 29. Ra3 hxg5 30. hxg5 Nh5+ 31. Kg4 g6 32. Rh1 Kg8 33. fxg6 Nf4 34. Rh7 Bxe4
35. Bxe4 Rc4 36. g7 Rf7 37. Rh8+ Kxg7 38. Rh7+ Kg8 39. Rxf7 Kxf7 40. Kf5 d5 41.
Bxf4 dxe4 42. g6+ Ke7 43. Bg5+ 1-0